<?xml version="1.0" encoding="UTF-8"?>
<record
    xmlns:xsi="http://www.w3.org/2001/XMLSchema-instance"
    xsi:schemaLocation="http://www.loc.gov/MARC21/slim http://www.loc.gov/standards/marcxml/schema/MARC21slim.xsd"
    xmlns="http://www.loc.gov/MARC21/slim">

  <leader>00353nam a22001217a 4500</leader>
  <datafield tag="040" ind1=" " ind2=" ">
    <subfield code="c">SY</subfield>
  </datafield>
  <datafield tag="082" ind1=" " ind2=" ">
    <subfield code="a">887</subfield>
  </datafield>
  <datafield tag="100" ind1=" " ind2=" ">
    <subfield code="a">&#x17A0;&#x17D2;&#x179F;&#x17B8; &#x179C;&#x17C1;&#x179F;&#x17C1;</subfield>
  </datafield>
  <datafield tag="245" ind1=" " ind2=" ">
    <subfield code="a">&#x1785;&#x17C6;&#x178E;&#x17C1;&#x17C7;&#x179C;&#x17B7;&#x1787;&#x17D2;&#x1787;&#x17B6; &#x1787;&#x17B6;&#x1798;&#x17BC;&#x179B;&#x178A;&#x17D2;&#x178B;&#x17B6;&#x1793;&#x1780;&#x17D2;&#x1793;&#x17BB;&#x1784;&#x1780;&#x17B6;&#x179A;&#x1787;&#x17BD;&#x179F;&#x1787;&#x17BB;&#x179B;&#x179A;&#x1790;&#x1799;&#x1793;&#x17D2;&#x178F;</subfield>
  </datafield>
  <datafield tag="260" ind1=" " ind2=" ">
    <subfield code="a">RUA</subfield>
    <subfield code="b">&#x17A0;&#x17D2;&#x179F;&#x17B8;</subfield>
    <subfield code="c">NA</subfield>
  </datafield>
  <datafield tag="300" ind1=" " ind2=" ">
    <subfield code="a">91p.</subfield>
  </datafield>
  <datafield tag="942" ind1=" " ind2=" ">
    <subfield code="c">KB</subfield>
  </datafield>
  <datafield tag="999" ind1=" " ind2=" ">
    <subfield code="c">9312</subfield>
    <subfield code="d">9312</subfield>
  </datafield>
  <datafield tag="952" ind1=" " ind2=" ">
    <subfield code="0">0</subfield>
    <subfield code="1">0</subfield>
    <subfield code="4">0</subfield>
    <subfield code="6">887_000000000000000_&#x17A0;&#x179F;&#x17B8;_NA</subfield>
    <subfield code="7">0</subfield>
    <subfield code="9">51119</subfield>
    <subfield code="a">LBC</subfield>
    <subfield code="b">LBC</subfield>
    <subfield code="d">2016-08-31</subfield>
    <subfield code="o">887 &#x17A0;&#x17D2;&#x179F;&#x17B8; NA</subfield>
    <subfield code="p">RUA043210</subfield>
    <subfield code="r">2016-08-31</subfield>
    <subfield code="w">2016-08-31</subfield>
    <subfield code="y">KB</subfield>
  </datafield>
  <datafield tag="952" ind1=" " ind2=" ">
    <subfield code="0">0</subfield>
    <subfield code="1">0</subfield>
    <subfield code="4">0</subfield>
    <subfield code="6">887_000000000000000_&#x17A0;&#x179F;&#x17B8;_NA</subfield>
    <subfield code="7">0</subfield>
    <subfield code="9">51120</subfield>
    <subfield code="a">LBC</subfield>
    <subfield code="b">LBC</subfield>
    <subfield code="d">2016-08-31</subfield>
    <subfield code="o">887 &#x17A0;&#x17D2;&#x179F;&#x17B8; NA</subfield>
    <subfield code="p">RUA41675</subfield>
    <subfield code="r">2016-08-31</subfield>
    <subfield code="w">2016-08-31</subfield>
    <subfield code="y">KB</subfield>
  </datafield>
  <datafield tag="952" ind1=" " ind2=" ">
    <subfield code="0">0</subfield>
    <subfield code="1">0</subfield>
    <subfield code="4">0</subfield>
    <subfield code="6">887_000000000000000_&#x17A0;&#x179F;&#x17B8;_NA</subfield>
    <subfield code="7">0</subfield>
    <subfield code="9">51121</subfield>
    <subfield code="a">LBC</subfield>
    <subfield code="b">LBC</subfield>
    <subfield code="d">2016-08-31</subfield>
    <subfield code="o">887 &#x17A0;&#x17D2;&#x179F;&#x17B8; NA</subfield>
    <subfield code="p">RUA042987</subfield>
    <subfield code="r">2016-08-31</subfield>
    <subfield code="w">2016-08-31</subfield>
    <subfield code="y">KB</subfield>
  </datafield>
</record>
